| 000 | 00749cab a2200253 4500 | ||
|---|---|---|---|
| 001 | ABS53167 | ||
| 008 | 090401t1995 xxu||||| |||| 00| 0 eng d | ||
| 035 | _a(Sirsi) u2487 | ||
| 041 | _aeng | ||
| 245 | _aBill of fair play | ||
| 260 | _c1995 | ||
| 350 | _a0 | ||
| 490 |
_aBuilding _v260(7900) 14 July 1995, 30-32(3) |
||
| 520 | _aThe views of three lawyers on the DoE consultation paper on fair construction contracts. | ||
| 650 | _aBUILT ENVIRONMENT-BUILDING CONTRACT FORMS | ||
| 650 | _aCONSTRUCTION CONTRACTS BILL | ||
| 650 |
_aDISPUTE RESOLUTION _96236 |
||
| 650 | _aLATHAM REFORMS | ||
| 650 | _aPAY WHEN PAID | ||
| 650 | _aTRUST FUNDS | ||
| 690 | _aBUILT ENVIRONMENT-BUILDING CONTRACT FORMS | ||
| 942 | _n0 | ||
| 948 | _c04/03/1997 | ||
| 999 |
_c1503 _d1503 |
||